| 000 | 00574nam a22002057a 4500 | ||
|---|---|---|---|
| 003 | OSt | ||
| 005 | 20150410145853.0 | ||
| 008 | 150410b xxu||||| |||| 00| 0 eng d | ||
| 020 | _a0192615920 | ||
| 040 | _cDNLM | ||
| 082 | _aWO 275 P93 2000 | ||
| 245 |
_aPrimary Anaesthesia / _cEdited by Maurice King, [et....al] |
||
| 260 |
_aOxford: _bOxford University Press. _c2000. |
||
| 300 |
_ax, 169 p : _bill; _c30 cm |
||
| 504 | _aIncludes index | ||
| 650 |
_aAnaesthesia _9333 |
||
| 700 |
_4Editor _aKing Maurice _93678 |
||
| 700 |
_4Editor _a[et...al] _9867 |
||
| 942 |
_2z _cSLOAN |
||
| 999 |
_c1391 _d1391 |
||